000
00218 a2200097 4500
001
28473
100
_a
Hussain, S M
245
_a
Strategy of Agricultural Development
260
_a
_b
P I D E
_c
090
_c
19081
_d
19081
942
_a
NUST-CAE
_c
M
_c
10093
999
_c
263546
_d
263546